Complex Analysis (Record no. 18015)

MARC details
000 -LEADER
fixed length control field 00449nam a22001457a 4500
008 - FIXED-LENGTH DATA ELEMENTS--GENERAL INFORMATION
fixed length control field 191111b xxu||||| |||| 00| 0 eng d
020 ## - INTERNATIONAL STANDARD BOOK NUMBER
International Standard Book Number 1259064821
100 ## - MAIN ENTRY--PERSONAL NAME
Personal name Ahlfors, Lars V.
245 ## - TITLE STATEMENT
Title Complex Analysis
Remainder of title An introduction to the theory of analytic functions of one complex variable
Statement of responsibility, etc. Lars V. Ahlfors
250 ## - EDITION STATEMENT
Edition statement 3rd ed.
260 ## - PUBLICATION, DISTRIBUTION, ETC. (IMPRINT)
Place of publication, distribution, etc. India
Name of publisher, distributor, etc. McGrawHill
Date of publication, distribution, etc. 1979
300 ## - PHYSICAL DESCRIPTION
Extent xiv, 331p.
650 ## - SUBJECT ADDED ENTRY--TOPICAL TERM
Topical term or geographic name as entry element Analytical Functions
942 ## - ADDED ENTRY ELEMENTS (KOHA)
Source of classification or shelving scheme Library of Congress Classification
Koha item type General Collection
Holdings
Withdrawn status Lost status Source of classification or shelving scheme Not for loan Home library Current library Date acquired Cost, normal purchase price Total Checkouts Full call number Barcode Date last seen Date last checked out Copy number Price effective from Koha item type
    Library of Congress Classification   Kabarak, Main Campus Kabarak, Main Campus 11/11/2019 7560.00 6 QA331 .A45 1979 c.1 029356 20/02/2023 10/02/2023 c. 1 11/11/2019 General Collection
Designed with assistance from East African Informatics Ltd